| 000 | 01327cam a2200361 a 4500 | ||
|---|---|---|---|
| 001 | 3467701 | ||
| 003 | OSt | ||
| 005 | 20140310181954.0 | ||
| 008 | 930122s1993 nyua j 000 1 eng | ||
| 010 | _a 93006706 | ||
| 020 | _a0679872760 | ||
| 040 |
_aDLC _cDLC _dDLC |
||
| 042 | _alcac | ||
| 050 | 0 | 0 |
_aPZ 7 _b.W571 1996 |
| 082 | 0 | 0 |
_aKF _bW57n 1996 |
| 100 | 1 |
_aWhelan, Gloria. _94613 |
|
| 245 | 1 | 0 |
_aNight of the full moon / _cGloria Whelan. |
| 260 |
_aNew York : _bRandom House, _cc1993. |
||
| 300 |
_a63 p. : _bill. ; _c19 cm. |
||
| 541 | _j1 | ||
| 562 | _e1 | ||
| 650 | 0 |
_aPotawatomi Indians _xJuvenile fiction. _94614 |
|
| 650 | 1 |
_aPotawatomi Indians _xFiction. _94615 |
|
| 650 | 1 |
_aIndians of North America _zMichigan _xFiction. _94616 |
|
| 650 | 1 |
_aFrontier and pioneer life _zMichigan _xFiction. _94617 |
|
| 651 | 1 |
_aMichigan _xFiction. _94618 |
|
| 700 | 1 |
_aBowman, Leslie W., _eill. _94619 |
|
| 856 | 4 | 2 |
_3Contributor biographical information _uhttp://www.loc.gov/catdir/bios/random051/93006706.html |
| 856 | 4 | 2 |
_3Publisher description _uhttp://www.loc.gov/catdir/description/random0410/93006706.html |
| 906 |
_a7 _bcbc _corignew _d1 _eocip _f19 _gy-gencatlg |
||
| 942 |
_2lcc _cBK-KF _kKF |
||
| 999 |
_c7914 _d7914 |
||